Library administration practices
Contents of material: Introduction. Administration functions. Modern library. Training. Decision making. Coordination. Staff organisation. Motivation and job satisfaction.
保存先:
| フォーマット: | 図書 |
|---|---|
| 言語: | Undetermined |
| 出版事項: |
Darya Ganj, New Delhi
Anmol Pubications
2001
|
| 主題: | |
| タグ: |
タグ追加
タグなし, このレコードへの初めてのタグを付けませんか!
|
| Thư viện lưu trữ: | Trung tâm Học liệu Trường Đại học Cần Thơ |
|---|
| LEADER | 00716nam a2200193Ia 4500 | ||
|---|---|---|---|
| 001 | CTU_124747 | ||
| 008 | 210402s9999 xx 000 0 und d | ||
| 020 | |c 56.00 | ||
| 082 | |a 025.1 | ||
| 082 | |b L697 | ||
| 245 | 0 | |a Library administration practices | |
| 245 | 0 | |c Edited by Shyama Balakrisnan, P. K. Paliwal | |
| 260 | |a Darya Ganj, New Delhi | ||
| 260 | |b Anmol Pubications | ||
| 260 | |c 2001 | ||
| 520 | |a Contents of material: Introduction. Administration functions. Modern library. Training. Decision making. Coordination. Staff organisation. Motivation and job satisfaction. | ||
| 650 | |a Library science,Library administration | ||
| 904 | |i Minh | ||
| 980 | |a Trung tâm Học liệu Trường Đại học Cần Thơ | ||